000 00808nam a2200181Ia 4500
008 100921s9999 xx 000 0 und d
082 _b23081
_a928 थ 80
100 _aसेनगुप्त सुबोधचंद्र,अनु,जोशी श्री.बा.
245 _aबंकिमचंद्र चटर्जी.
260 _bसाहित्य अकादमी,नवी दिल्ली.
_c1980
300 _a77
_bसाहित्य अकादमी,दिल्ली
365 _b10
520 _aचरित्रे-साहित्यिक.
630 _aबंकिमचंद्र चटर्जी.
650 _aचरित्रे-साहित्यिक.
730 _aबंकिमचंद्र चटर्जी.
942 _cBOOK
999 _c772194
_d772191